Представление документа в формате RUSMARC

ПолеНазваниеЗначение
  Тип записи c
  Библиографический уровень m
001 Контрольный номер RU/УОНБ/EK_N/354276127
005 Дата корректировки 20250520123103.2
010 Индекс ISBN __
9 Тираж 30000 экз.
013 Номер (ISMN) __
d Цена 1 р. 10к.
071 Издательские номер (звукозапись и ноты) 21
a Номер, присвоенный агентством 10461
100 Данные общей обработки __
a Данные общей обработки 20141119d1982 c y0rusy0189||||ca
101 Язык документа 0_
a Язык текста rus
102 Страна публикации __
a Страна публикации RU
105 Кодированные данные (монография) __
a Кодированные данные (монография) y###||||000|y
125 Кодированные данные звукозаписи и нотных изданий __
a Форма изложения нотного текста с|
128 Кодированные данные (звукозаписи-физические характеристики) __
a Кодированные данные: Музыкальная форма и тональность или лад zz
c Инструменты или голоса, рекомендуемые для солистов (устаревшее) kt||
200 Заглавие и сведения об ответственности 1_
a Заглавие Хрестоматия аккордеониста
b Общее обозначение материала [Ноты]
e Сведения, относящиеся к заглавию 1-2 кл. ДМШ
e Сведения, относящиеся к заглавию Вып. 1
g Последующие сведения об ответственности Сост. и исполн. ред. Ф. Бушуева и С. Павина
210 Выходные данные 0_
a Место издания Москва
c Издательство Музыка
d Дата издания 1982
215 Физическое описание __
a Объем 80 c.
d Формат 29 см
512 Заглавие обложки 1_
a Заглавие обложки Хрестоматия аккордеониста
606 Тематические рубрики 0_
a Основная рубрика Аккордеон в музыкальной школе
j Формальный подзаголовок Хрестоматии
610 Ключевые слова 0_
a Ключевые слова хрестоматии
610 Ключевые слова 0_
a Ключевые слова аккордеон
686 Индексы других классификаций __
a Классификационный индекс 85.954.793
2 Код системы rubbk
702 Вторичная интеллектуальная ответственность _1
a Фамилия Бушуев
b Имя (инициалы) Ф.
4 Код отношения 220
702 Вторичная интеллектуальная ответственность _1
a Фамилия Павин
b Имя (инициалы) С.
4 Код отношения 220
801 Источник записи _0
a Страна RU
b Организация Ульяновская ОНБ
c Дата составления 20141119
g Правила каталогизации RCR
801 Источник записи _1
a Страна RU
b Организация Ульяновская ОНБ
c Дата составления 20141119
g Правила каталогизации RCR
901 Тип документа __
t Тип документа m
909 Создатель записи __
a Создатель записи Карасева М. В.
938 Служебная информация __
a Имя БД noti
b Имя библиотеки УОНБ
c Имя АИБС МАРК-SQL
d Номер DOC_ID в БД 8583